Jerzy Hoffman

Titel: Jerzy Hoffman : gora̜ce serce / Marta Sztokfisz
Verfasser:
Veröffentlicht: Warszawa : Wydawn. Marginesy, 2011
Umfang: 333 S. : Ill.
Format: Buch
Sprache: Polnisch
ISBN: 9788392843139
Buchumschlag
X
alg: 27986701
001A    $00030:02-11-11 
001B    $01999:16-10-15 $t10:10:59.000 
001C    $00030:02-11-11 $t15:43:00.000 
001D    $00030:02-11-11 
001U    $0utf8 
001X    $00 
002@    $0Aau 
003@    $0279867018 
003O    $0759399828 $aOCoLC 
004A    $A978-83-928431-3-9 
007A    $0279867018 $aHEB 
007G    $0DE0209FB8C0D30E20E157C1257EDF0036B6FD 
009P    $qapplication/pdf $A2 $3Inhaltsverzeichnis $uhttp://scans.hebis.de/HEBCGI/show.pl?27986701_toc.pdf $mV:DE-603;B:DE-Mb50 
010@    $apol 
011@    $a2011 
021A    $aJerzy Hoffman $dgora̜ce serce $hMarta Sztokfisz 
028A    $7 $8Sztokfisz, Marta [Tnu] $918859857X 
033A    $pWarszawa $nWydawn. Marginesy 
034D    $a333 S. 
034M    $aIll. 

lok: 27986701 3
101B    $002-11-11 $t15:45:01.000 
101C    $002-11-11 
101U    $0utf8 
145S/06 $a930 

exp: 27986701 3 1 #EPN
201B/01 $002-11-11 $t15:45:01.000 
201C/01 $002-11-11 
201U/01 $0utf8 
203@/01 $0632644486 
208@/01 $a02-11-11 $bzAa 
209A/01 $a89.579.78 $du $f000 $h89 579 78 $x00 
209G/01 $a89579783 $x00 
247C/01 $8601000-3 <30>Frankfurt, Universitätsbibliothek J. C. Senckenberg, Zentralbibliothek (ZB) $9102598258 

lok: 27986701 24

exp: 27986701 24 1 #EPN
201B/01 $002-10-15 $t11:41:55.000 
201C/01 $006-03-15 
201U/01 $0utf8 
203@/01 $0751249920 
208@/01 $a30-03-15 $bz 
209A/01 $a15.02847 $du $f050 $h15 02847 $x00 
209C/01 $a15.02847 K $h15 02847 K 
209G/01 $a73516560 $x00 
220C/01 $awal 
244Z/01 $71020322446 $8--Tp1--Hoffman, Jerzy$Z1932- $x01 $9290696968 
247C/01 $8358050-7 Marburg, Bibliothek des Herder-Instituts Marburg $9102600961
LEADER 00000cam a2200000 c 4500
001 279867018
003 DE-603
005 20151016101059.0
007 tu
008 111102s2011 xx |||| | u00||u|pol c
020 |a 9788392843139 
035 |a (DE-599)HEB279867018 
035 |a (OCoLC)759399828 
040 |a DE-603  |b ger  |c DE-603  |d DE-603 
041 |a pol 
100 1 |a Sztokfisz, Marta  |0 (DE-603)18859857X 
245 0 0 |a Jerzy Hoffman  |b gora̜ce serce  |c Marta Sztokfisz 
264 1 |a Warszawa  |b Wydawn. Marginesy  |c 2011 
300 |a 333 S.  |b Ill. 
856 4 2 |m V:DE-603;B:DE-Mb50  |q application/pdf  |u http://scans.hebis.de/HEBCGI/show.pl?27986701_toc.pdf  |3 Inhaltsverzeichnis 
924 0 |9 30  |a (DE-603)632644486  |b DE-30  |c HES  |d c  |g 89.579.78 
924 0 |9 Mb 50  |a (DE-603)751249920  |b DE-Mb50  |c HES  |d c  |g 15.02847